[Event "TUR-chT"]
[Site "Ankara"]
[Date "2023.07.18"]
[Round "9.15"]
[White "Tarhan, Adar"]
[Black "Aghamaliyev, Cemil"]
[Result "1/2-1/2"]
[WhiteElo "2347"]
[BlackElo "2482"]
[PlyCount "66"]
[EventDate "2023.07.10"]
[EventType "team-tourn"]
[EventRounds "11"]
[EventCountry "TUR"]
[SourceTitle "EXT 2024"]
[Source "ChessBase"]
[SourceDate "2023.10.10"]
[SourceVersion "1"]
[SourceVersionDate "2023.10.10"]
[SourceQuality "1"]
[WhiteTeam "Rota Koleji Dernegi"]
[BlackTeam "Darassufaka Spor"]
[WhiteTeamCountry "TUR"]
[BlackTeamCountry "TUR"]

1. e4 e6 2. d4 d5 3. Nd2 Nc6 4. Ngf3 Nf6 5. e5 Nd7 6. c3 f6 7. exf6 Qxf6 8. Be2 Bd6 9. Nf1 0-0 10. Ng3 e5 11. dxe5 Ndxe5 12. Qxd5+ Be6 13. Qe4 Bg4 14. Be3 Nxf3+ 15. Bxf3 Bxf3 16. Qxf3 Qxf3 17. gxf3 Rxf3 18. Ne4 Be5 19. 0-0-0 Re8 20. Kb1 h6 21. h4 Rf7 22. Rde1 Rd8 23. Rhg1 Bf4 24. Nc5 Bxe3 25. Rxe3 b6 26. Nd3 Rd6 27. Rge1 Kh7 28. Kc2 Rfd7 29. R1e2 Rf6 30. Re1 Rd5 31. Re6 Rd6 32. R6e3 Rf7 33. R1e2 Rfd7 1/2-1/2

[Event "Titled Tuesday intern op 27th Dec Early"]
[Site "Chess.com INT"]
[Date "2022.12.27"]
[Round "9"]
[White "Aghamaliyev, Cemil"]
[Black "Fajdetic, Hrvoje"]
[Result "1-0"]
[WhiteElo "2482"]
[BlackElo "2151"]
[PlyCount "55"]
[EventDate "2022.12.27"]
[EventType "swiss (blitz)"]
[EventRounds "11"]
[EventCountry "USA"]
[SourceTitle "EXT 2024"]
[Source "ChessBase"]
[SourceDate "2023.10.10"]
[SourceVersion "1"]
[SourceVersionDate "2023.10.10"]
[SourceQuality "1"]

1. d4 e6 2. Nc3 d5 3. e4 dxe4 4. Nxe4 Nd7 5. Nf3 Ngf6 6. Nxf6+ Nxf6 7. c3 Be7 8. Ne5 0-0 9. Bd3 c5 10. dxc5 Qc7 11. Qe2 Qxc5 12. Bf4 b6 13. 0-0-0 Bb7 14. Kb1 Rad8 15. Rhe1 Rd5 16. c4 Rdd8 17. g4 Kh8 18. g5 Ne8 19. Bc2 Nd6 20. Qh5 Nf5 21. Nxf7+ Rxf7 22. Rxd8+ Bxd8 23. Qxf7 Qe7 24. Qxe7 Nxe7 25. Rxe6 Bc8 26. Re1 Kg8 27. Rd1 Nc6 28. Be4 1-0

[Event "TUR-chT"]
[Site "Ankara"]
[Date "2022.08.23"]
[Round "8.5"]
[White "Aghamaliyev, Cemil"]
[Black "Gunduz, Umut Erdem"]
[Result "1-0"]
[WhiteElo "2485"]
[BlackElo "2387"]
[PlyCount "79"]
[EventDate "2022.08.16"]
[EventType "team-tourn"]
[EventRounds "13"]
[EventCountry "TUR"]
[SourceTitle "CBM 209 Extra"]
[Source "ChessBase"]
[SourceDate "2022.09.30"]
[SourceVersion "1"]
[SourceVersionDate "2022.09.30"]
[SourceQuality "1"]
[WhiteTeam "Hatay Buyuksehir"]
[BlackTeam "Rota Koleji Dernegi"]
[WhiteTeamCountry "TUN"]
[BlackTeamCountry "TUR"]

1. d4 Nf6 2. Nf3 e6 3. Bg5 h6 4. Bxf6 Qxf6 5. e4 d6 6. Nc3 g6 7. Qd2 Bg7 8. 0-0-0 a6 9. Kb1 b5 10. Bd3 0-0 11. h4 b4 12. Ne2 Nd7 13. Nh2 Qe7 14. h5 g5 15. f4 gxf4 16. g3 f3 17. Nxf3 c5 18. g4 cxd4 19. Rhg1 Ne5 20. Nxe5 dxe5 21. g5 Kh7 22. Nxd4 hxg5 23. Nc6 Qf6 24. h6 Bxh6 25. Rdf1 Qg7 26. Rh1 Bd7 27. Nxb4 f5 28. Nxa6 f4 29. Nc5 Rad8 30. Be2 Bc8 31. Nd3 Bb7 32. Bf3 Rf6 33. Qe2 Ba6 34. Rd1 Rd4 35. Qg2 Rg6 36. Nf2 Bb7 37. Ng4 Kg8 38. Rxd4 exd4 39. e5 Bxf3 40. Qxf3 1-0

[Event "Titled Tuesday intern op 19th Jan"]
[Site "Chess.com INT"]
[Date "2021.01.19"]
[Round "9"]
[White "Aghamaliyev, Cemil"]
[Black "Chizhikov, Vladislav"]
[Result "0-1"]
[WhiteElo "2485"]
[BlackElo "2270"]
[PlyCount "124"]
[EventDate "2021.01.19"]
[EventType "swiss (blitz)"]
[EventRounds "11"]
[EventCountry "USA"]
[SourceTitle "CBM 200 Extra"]
[Source "ChessBase"]
[SourceDate "2021.03.31"]
[SourceVersion "1"]
[SourceVersionDate "2021.03.31"]
[SourceQuality "1"]

1. d4 d5 2. Nc3 c6 3. e4 dxe4 4. Nxe4 Nf6 5. Ng3 e5 6. dxe5 Qa5+ 7. Bd2 Qxe5+ 8. Be2 Qxb2 9. Nf3 Bb4 10. 0-0 Bxd2 11. Qxd2 0-0 12. Bc4 Nbd7 13. Rab1 Qa3 14. Rb3 Qc5 15. Rc3 Qa5 16. Re1 Nb6 17. Ne5 Nxc4 18. Nxc4 Qc7 19. Ne4 Nxe4 20. Rxe4 Be6 21. Rg3 g6 22. Qh6 Bxc4 23. Rxc4 Rfe8 24. h3 Qe5 25. Rh4 Qg7 26. Qf4 Re7 27. Qb4 Rae8 28. Kh2 Qe5 29. Qd2 a5 30. Qh6 Qg7 31. Qg5 Re5 32. Qd2 h5 33. f4 Rd5 34. Qf2 Qf6 35. c4 Rf5 36. Rf3 b6 37. g4 hxg4 38. hxg4 Rc5 39. g5 Qg7 40. Qf1 Re4 41. Rfh3 Qb2+ 42. Kg3 Re3+ 43. Kg4 Rxh3 44. Rxh3 Qd4 45. Qe2 Qd7+ 46. Kh4 Rf5 47. Rf3 Qd4 48. Kg4 Kg7 49. Qe8 Qxc4 50. Qd8 Qe6 51. Qd4+ Kg8 52. Qd8+ Kg7 53. Qd4+ Kf8 54. Kg3 Rd5 55. Qxb6 Qe1+ 56. Kg4 Qe6+ 57. Kg3 Kg7 58. Qb2+ f6 59. Rb3 Rd7 60. Rb8 Qd6 61. gxf6+ Kf7 62. Qb4 axb4 0-1

[Event "Titled Tuesday intern op 19th Jan"]
[Site "Chess.com INT"]
[Date "2021.01.19"]
[Round "8"]
[White "Martinez Alcantara, Jose Eduardo"]
[Black "Aghamaliyev, Cemil"]
[Result "1-0"]
[WhiteElo "2620"]
[BlackElo "2485"]
[PlyCount "37"]
[EventDate "2021.01.19"]
[EventType "swiss (blitz)"]
[EventRounds "11"]
[EventCountry "USA"]
[SourceTitle "CBM 200 Extra"]
[Source "ChessBase"]
[SourceDate "2021.03.31"]
[SourceVersion "1"]
[SourceVersionDate "2021.03.31"]
[SourceQuality "1"]

1. e4 e5 2. Nf3 d6 3. d4 Qe7 4. Be2 Nf6 5. Nc3 c6 6. 0-0 Qc7 7. a4 a5 8. h3 h6 9. Be3 g5 10. Nd2 Nbd7 11. Nc4 Rg8 12. d5 Be7 13. b3 h5 14. Bxh5 Nxh5 15. Qxh5 g4 16. f4 Nf6 17. Qh6 gxh3 18. fxe5 Rg3 19. Rxf6 1-0

[Event "TUR-chT2"]
[Site "Konya"]
[Date "2016.07.22"]
[Round "9.2"]
[White "Aghamaliyev, Cemil"]
[Black "Dogan, Nazmi Can"]
[Result "1/2-1/2"]
[WhiteElo "2494"]
[BlackElo "2268"]
[PlyCount "49"]
[EventDate "2016.07.17"]
[EventType "team-swiss"]
[EventRounds "9"]
[EventCountry "TUR"]
[SourceTitle "CBM 173 Extra"]
[Source "ChessBase"]
[SourceDate "2016.08.29"]
[SourceVersion "1"]
[SourceVersionDate "2016.08.29"]
[SourceQuality "1"]
[WhiteTeam "Istanbul Darussafaka"]
[BlackTeam "Sivas Varyant"]
[WhiteTeamCountry "TUR"]
[BlackTeamCountry "TUR"]

1. Nf3 Nf6 2. g3 g6 3. Bg2 Bg7 4. 0-0 0-0 5. d4 d6 6. Nc3 d5 7. h3 c6 8. Ne5 Nbd7 9. f4 Ne8 10. e4 dxe4 11. Nxe4 Nd6 12. Nxd7 Qxd7 13. Nc5 Qc7 14. c3 b6 15. Nd3 Ba6 16. Re1 Bxd3 17. Qxd3 Rad8 18. Qe2 e6 19. Be3 Nf5 20. Bf2 Rd7 21. Qf3 Ne7 22. Re2 Rfd8 23. Rae1 Nd5 24. Kh1 b5 25. Re4 1/2-1/2

[Event "TUR-chT2"]
[Site "Konya"]
[Date "2016.07.21"]
[Round "7.4"]
[White "Hamitevici, Vladimir"]
[Black "Aghamaliyev, Cemil"]
[Result "1-0"]
[WhiteElo "2475"]
[BlackElo "2494"]
[PlyCount "65"]
[EventDate "2016.07.17"]
[EventType "team-swiss"]
[EventRounds "9"]
[EventCountry "TUR"]
[SourceTitle "CBM 173 Extra"]
[Source "ChessBase"]
[SourceDate "2016.08.29"]
[SourceVersion "1"]
[SourceVersionDate "2016.08.29"]
[SourceQuality "1"]
[WhiteTeam "Ankara Dernegi"]
[BlackTeam "Istanbul Darussafaka"]
[WhiteTeamCountry "TUR"]
[BlackTeamCountry "TUR"]

1. d4 Nf6 2. Nf3 g6 3. c4 Bg7 4. e3 0-0 5. Be2 d6 6. 0-0 Nbd7 7. Nc3 e5 8. Qc2 Re8 9. Rd1 c6 10. b4 Qe7 11. Bb2 a6 12. dxe5 dxe5 13. c5 a5 14. a3 axb4 15. axb4 Rxa1 16. Rxa1 b6 17. Ra7 bxc5 18. Na4 Qd6 19. bxc5 Qb8 20. Ra5 Nd5 21. Nd2 Bf6 22. Qb3 Bb7 23. Nc4 Bd8 24. Ncb6 N7xb6 25. cxb6 Bc8 26. Bc4 Be6 27. Ra6 Bc8 28. Bxd5 cxd5 29. Ra7 Re7 30. Qxd5 Bb7 31. Qb5 Qc8 32. h3 Qc2 33. Rxb7 1-0

[Event "Julfa Salvation Day"]
[Site "Julfa"]
[Date "2016.06.17"]
[Round "6"]
[White "Aghamaliyev, Cemil"]
[Black "Sevdimaliyev, Urfan"]
[Result "1/2-1/2"]
[WhiteElo "2481"]
[BlackElo "2390"]
[PlyCount "94"]
[EventDate "2016.06.14"]
[EventType "tourn"]
[EventRounds "9"]
[EventCountry "AZE"]
[EventCategory "6"]
[SourceTitle "EXT 2017"]
[Source "ChessBase"]
[SourceDate "2016.10.25"]
[SourceVersion "1"]
[SourceVersionDate "2016.10.25"]
[SourceQuality "1"]

1. e4 c5 2. Nf3 d6 3. d4 cxd4 4. Nxd4 Nf6 5. Nc3 a6 6. Be2 e6 7. 0-0 Be7 8. f4 0-0 9. Be3 Qc7 10. Qe1 Nc6 11. Qg3 Nxd4 12. Bxd4 b5 13. e5 dxe5 14. Bxe5 Qb6+ 15. Kh1 Bb7 16. Bd3 Nh5 17. Qh3 g6 18. a4 b4 19. a5 Qc5 20. Ne4 Bxe4 21. Bxe4 Rad8 22. Bf3 Nf6 23. c3 bxc3 24. Bxc3 Nd5 25. Bxd5 exd5 26. f5 d4 27. Bd2 Rfe8 28. Qd3 Qc6 29. Rae1 Bf8 30. h3 Bg7 31. b4 Rb8 32. fxg6 hxg6 33. Rxe8+ Rxe8 34. Rc1 Qb7 35. Rb1 Re5 36. Re1 Rxe1+ 37. Bxe1 Qc6 38. Bd2 Be5 39. Kg1 Kg7 40. Kf1 Qf6+ 41. Kg1 Qc6 42. Qe2 Bf6 43. Qd3 Be5 44. Kf2 Qf6+ 45. Ke2 Qc6 46. Kf2 Qf6+ 47. Ke2 Qc6 1/2-1/2

[Event "Julfa Salvation Day"]
[Site "Julfa"]
[Date "2016.06.15"]
[Round "2"]
[White "Mirzoev, Azer"]
[Black "Aghamaliyev, Cemil"]
[Result "1/2-1/2"]
[WhiteElo "2523"]
[BlackElo "2481"]
[PlyCount "36"]
[EventDate "2016.06.14"]
[EventType "tourn"]
[EventRounds "9"]
[EventCountry "AZE"]
[EventCategory "6"]
[SourceTitle "EXT 2017"]
[Source "ChessBase"]
[SourceDate "2016.10.25"]
[SourceVersion "1"]
[SourceVersionDate "2016.10.25"]
[SourceQuality "1"]

1. Nf3 Nf6 2. g3 g6 3. Bg2 Bg7 4. 0-0 0-0 5. c4 d6 6. Nc3 e5 7. d4 Nbd7 8. b3 Re8 9. dxe5 dxe5 10. Bb2 c6 11. Qc2 Qc7 12. Ng5 Nc5 13. Nge4 Nfxe4 14. Nxe4 Bf5 15. Rfd1 Rad8 16. b4 Nxe4 17. Bxe4 Bxe4 18. Qxe4 f5 1/2-1/2

[Event "TUR-chT2"]
[Site "Konya"]
[Date "2015.07.31"]
[Round "9.4"]
[White "Koc, Suleyman Sarp"]
[Black "Aghamaliyev, Cemil"]
[Result "0-1"]
[WhiteElo "1983"]
[BlackElo "2491"]
[PlyCount "84"]
[EventDate "2015.07.25"]
[EventType "team-swiss"]
[EventRounds "9"]
[EventCountry "TUR"]
[SourceTitle "CBM 167 Extra"]
[Source "ChessBase"]
[SourceDate "2015.09.14"]
[SourceVersion "1"]
[SourceVersionDate "2015.09.14"]
[SourceQuality "1"]
[WhiteTeam "Antalya Deniz Genclik"]
[BlackTeam "Istanbul Darussafaka"]
[WhiteTeamCountry "TUR"]
[BlackTeamCountry "TUR"]

1. e4 e5 2. Nf3 Nc6 3. Nc3 Nf6 4. Bb5 Bd6 5. a4 0-0 6. d3 Ne7 7. Bc4 Ng6 8. 0-0 h6 9. Re1 Re8 10. h3 Bb4 11. d4 d6 12. dxe5 Bxc3 13. bxc3 dxe5 14. Qxd8 Rxd8 15. a5 Rd6 16. Ba3 Rc6 17. Bb5 Rxc3 18. Rec1 Nxe4 19. Bb4 Rxf3 20. gxf3 Ng5 21. Ra3 Nxh3+ 22. Kf1 Nhf4 23. a6 bxa6 24. Bxa6 Be6 25. Rd1 Rb8 26. Bc3 Rb6 27. Bd3 Nxd3 28. cxd3 a6 29. d4 exd4 30. Bxd4 Rd6 31. Rd2 Bd5 32. Be3 Nh4 33. Rxd5 Rxd5 34. Rxa6 Nxf3 35. Rc6 f6 36. Rxc7 Kh7 37. Rc3 g5 38. Kg2 Nh4+ 39. Kh3 Kg6 40. Ra3 Kh5 41. Ra6 f5 42. Ra3 Rd1 0-1

[Event "TUR-chT2"]
[Site "Konya"]
[Date "2015.07.28"]
[Round "5.6"]
[White "Gazioglu, Halit"]
[Black "Aghamaliyev, Cemil"]
[Result "0-1"]
[WhiteElo "1915"]
[BlackElo "2491"]
[PlyCount "76"]
[EventDate "2015.07.25"]
[EventType "team-swiss"]
[EventRounds "9"]
[EventCountry "TUR"]
[SourceTitle "CBM 167 Extra"]
[Source "ChessBase"]
[SourceDate "2015.09.14"]
[SourceVersion "1"]
[SourceVersionDate "2015.09.14"]
[SourceQuality "1"]
[WhiteTeam "Gaziantep Sader"]
[BlackTeam "Istanbul Darussafaka"]
[WhiteTeamCountry "TUR"]
[BlackTeamCountry "TUR"]

1. d4 Nf6 2. c4 c5 3. d5 b5 4. Nd2 d6 5. e4 bxc4 6. Bxc4 g6 7. Ngf3 Bg7 8. 0-0 0-0 9. Qe2 Nbd7 10. a4 Rb8 11. h3 Nb6 12. Bb3 a5 13. Ra3 Qc7 14. Re1 Nfd7 15. Nb1 c4 16. Bc2 Nc5 17. Nc3 Ba6 18. Be3 Nd3 19. Rb1 e6 20. dxe6 fxe6 21. Nd4 Bxd4 22. Bxd4 Nd7 23. Bxd3 cxd3 24. Qg4 Rbe8 25. Rd1 Qc4 26. Be3 Qb4 27. Qg3 Ne5 28. Nb5 Bxb5 29. axb5 a4 30. f4 Nc4 31. Raxd3 Nxb2 32. Rd4 Qxb5 33. Ra1 Nc4 34. Bf2 e5 35. Rd5 Qb3 36. Rd3 exf4 37. Rxb3 fxg3 38. Rxg3 a3 0-1

[Event "TUR-chT2"]
[Site "Konya"]
[Date "2015.07.27"]
[Round "4.2"]
[White "Aghamaliyev, Cemil"]
[Black "Selbes, Tarik"]
[Result "0-1"]
[WhiteElo "2491"]
[BlackElo "2329"]
[PlyCount "64"]
[EventDate "2015.07.25"]
[EventType "team-swiss"]
[EventRounds "9"]
[EventCountry "TUR"]
[SourceTitle "CBM 167 Extra"]
[Source "ChessBase"]
[SourceDate "2015.09.14"]
[SourceVersion "1"]
[SourceVersionDate "2015.09.14"]
[SourceQuality "1"]
[WhiteTeam "Istanbul Darussafaka"]
[BlackTeam "Izmir Tas Duvar"]
[WhiteTeamCountry "TUR"]
[BlackTeamCountry "TUR"]

1. Nf3 Nf6 2. g3 g6 3. b3 Bg7 4. Bb2 0-0 5. Bg2 d6 6. d4 c5 7. c4 d5 8. 0-0 Nc6 9. Na3 cxd4 10. Nxd4 Nxd4 11. Qxd4 Qa5 12. b4 Qxb4 13. cxd5 Qxd4 14. Bxd4 Rd8 15. Rfd1 Bg4 16. f3 Bd7 17. e4 e6 18. Rd2 exd5 19. exd5 Rac8 20. Re1 Ba4 21. f4 b5 22. Bxa7 Bf8 23. Rd3 b4 24. Nb1 Bc2 25. Rd2 b3 26. a3 Re8 27. Rf1 Ne4 28. Bxe4 Rxe4 29. d6 Rd8 30. Nc3 Rc4 31. Nb5 b2 32. d7 b1Q 0-1

[Event "TUR-chT2"]
[Site "Konya"]
[Date "2015.07.25"]
[Round "1.1"]
[White "Olcum, Ahmet"]
[Black "Aghamaliyev, Cemil"]
[Result "0-1"]
[WhiteElo "2060"]
[BlackElo "2491"]
[PlyCount "62"]
[EventDate "2015.07.25"]
[EventType "team-swiss"]
[EventRounds "9"]
[EventCountry "TUR"]
[SourceTitle "CBM 167 Extra"]
[Source "ChessBase"]
[SourceDate "2015.09.14"]
[SourceVersion "1"]
[SourceVersionDate "2015.09.14"]
[SourceQuality "1"]
[WhiteTeam "Karaman Belediye"]
[BlackTeam "Istanbul Darussafaka"]
[WhiteTeamCountry "TUR"]
[BlackTeamCountry "TUR"]

1. e4 c5 2. Nc3 Nc6 3. g3 g6 4. Bg2 Bg7 5. d3 d6 6. Be3 Nd4 7. Qd2 Qa5 8. f4 Bd7 9. Nf3 e6 10. 0-0 Ne7 11. g4 Nec6 12. a3 f5 13. gxf5 gxf5 14. e5 dxe5 15. Nxe5 Nxe5 16. fxe5 Bxe5 17. Kh1 Rg8 18. Bg5 Qc7 19. Rae1 Bc6 20. Nd5 Qd6 21. c4 Kd7 22. Be7 Bxd5 23. Bxd6 Bxg2+ 24. Qxg2 Rxg2 25. Bxe5 Rxb2 26. Rg1 Re8 27. Bf6 Kc6 28. Ref1 e5 29. Rg7 Re6 30. Bg5 Rg6 31. Rxg6+ hxg6 0-1

[Event "Rustavi 06"]
[Site "Rustavi"]
[Date "2014.07.08"]
[Round "9"]
[White "Sanikidze, Tornike"]
[Black "Aghamaliyev, Cemil"]
[Result "1/2-1/2"]
[WhiteElo "2514"]
[BlackElo "2492"]
[PlyCount "25"]
[EventDate "2014.06.30"]
[EventType "tourn"]
[EventRounds "9"]
[EventCountry "GEO"]
[EventCategory "6"]
[SourceTitle "EXT 2016"]
[Source "ChessBase"]
[SourceDate "2015.10.08"]
[SourceVersion "1"]
[SourceVersionDate "2015.10.08"]
[SourceQuality "1"]

1. e4 e5 2. Nf3 Nc6 3. Bb5 a6 4. Bxc6 dxc6 5. 0-0 Bg4 6. h3 h5 7. c3 Qd3 8. hxg4 hxg4 9. Nxe5 Bd6 10. Nxd3 Bh2+ 11. Kh1 Bf4+ 12. Kg1 Bh2+ 13. Kh1 1/2-1/2

[Event "Rustavi 06"]
[Site "Rustavi"]
[Date "2014.07.05"]
[Round "6"]
[White "Aghamaliyev, Cemil"]
[Black "Avetisian, Manvel"]
[Result "1-0"]
[WhiteElo "2492"]
[BlackElo "2332"]
[PlyCount "57"]
[EventDate "2014.06.30"]
[EventType "tourn"]
[EventRounds "9"]
[EventCountry "GEO"]
[EventCategory "6"]
[SourceTitle "EXT 2016"]
[Source "ChessBase"]
[SourceDate "2015.10.08"]
[SourceVersion "1"]
[SourceVersionDate "2015.10.08"]
[SourceQuality "1"]

1. e4 c6 2. d4 d5 3. Nd2 dxe4 4. Nxe4 Bf5 5. Ng3 Bg6 6. h4 h6 7. Nf3 Nd7 8. h5 Bh7 9. Bd3 Bxd3 10. Qxd3 e6 11. Bf4 Qa5+ 12. Bd2 Bb4 13. c3 Be7 14. c4 Qc7 15. 0-0-0 Ngf6 16. Rhe1 b5 17. c5 0-0 18. Kb1 a5 19. Ne2 a4 20. g4 Nxg4 21. Rg1 f5 22. Nf4 Rf6 23. Nxe6 Rxe6 24. Qxf5 Nf8 25. Rxg4 Kh8 26. Rxg7 Kxg7 27. Rg1+ Kh8 28. Qf7 Bg5 29. Qxc7 1-0

[Event "TUR-chT"]
[Site "Denizli"]
[Date "2013.07.04"]
[Round "7.2"]
[White "Baklan, Vladimir"]
[Black "Aghamaliyev, Cemil"]
[Result "1-0"]
[WhiteElo "2613"]
[BlackElo "2512"]
[PlyCount "75"]
[EventDate "2013.06.29"]
[EventType "team-tourn"]
[EventRounds "13"]
[EventCountry "TUR"]
[SourceTitle "CBM 155 Extra"]
[Source "ChessBase"]
[SourceDate "2013.08.26"]
[SourceVersion "1"]
[SourceVersionDate "2013.08.26"]
[SourceQuality "1"]
[WhiteTeam "Ankara Demirspor"]
[BlackTeam "Pera Spor"]
[WhiteTeamCountry "TUR"]
[BlackTeamCountry "TUR"]

1. e4 c5 2. Nf3 Nc6 3. Bb5 e6 4. 0-0 Nge7 5. Re1 a6 6. Bf1 d5 7. exd5 Qxd5 8. Na3 Nf5 9. Nc4 Qd8 10. a4 Be7 11. a5 0-0 12. d3 Bd7 13. c3 Be8 14. Qb3 Nd6 15. Nb6 Ra7 16. g3 Nc8 17. Nc4 Nd6 18. Nfd2 Kh8 19. Nxd6 Qxd6 20. Nc4 Qd8 21. Be3 f6 22. Qb6 Qd5 23. Bg2 Qh5 24. Bf4 Bd8 25. Qb3 Qf7 26. Bd6 Be7 27. Qb6 Bxd6 28. Nxd6 Qd7 29. Qxc5 Rg8 30. d4 Ra8 31. Bh3 f5 32. d5 exd5 33. Bxf5 Qc7 34. Be6 Rf8 35. Nb5 Qe7 36. Qxe7 Nxe7 37. Nc7 Rd8 38. Nxe8 1-0

[Event "TUR-chT"]
[Site "Denizli"]
[Date "2013.07.02"]
[Round "4.2"]
[White "Aghamaliyev, Cemil"]
[Black "Sanikidze, Tornike"]
[Result "0-1"]
[WhiteElo "2512"]
[BlackElo "2553"]
[PlyCount "80"]
[EventDate "2013.06.29"]
[EventType "team-tourn"]
[EventRounds "13"]
[EventCountry "TUR"]
[SourceTitle "CBM 155 Extra"]
[Source "ChessBase"]
[SourceDate "2013.08.26"]
[SourceVersion "1"]
[SourceVersionDate "2013.08.26"]
[SourceQuality "1"]
[WhiteTeam "Pera Spor"]
[BlackTeam "Aliaga Genclik"]
[WhiteTeamCountry "TUR"]
[BlackTeamCountry "TUR"]

1. c4 e6 2. Nc3 d5 3. d4 Bb4 4. cxd5 exd5 5. Nf3 Nf6 6. Bg5 h6 7. Bh4 c5 8. e3 c4 9. Be2 0-0 10. 0-0 g5 11. Bg3 Bxc3 12. bxc3 Ne4 13. Rc1 Qa5 14. h4 f6 15. Nd2 Nxc3 16. Qe1 Nxe2+ 17. Qxe2 Nc6 18. hxg5 fxg5 19. e4 Be6 20. exd5 Qxd5 21. Rxc4 Rae8 22. Qh5 Kg7 23. Rfc1 Bf7 24. Qg4 Kh7 25. Ra4 h5 26. Qf3 h4 27. Bh2 Nxd4 28. Qd3+ Nf5 29. Qxd5 Bxd5 30. Rxa7 Re2 31. Nf3 g4 32. Ra5 Bxf3 33. gxf3 g3 34. fxg3 Nd4 35. gxh4 Nxf3+ 36. Kf1 Rxh2 37. Rc7+ Kg8 38. Rac5 Nxh4+ 39. Ke1 Rff2 40. Rc8+ Kf7 0-1

[Event "TUR-chT"]
[Site "Denizli"]
[Date "2013.06.30"]
[Round "2.2"]
[White "Aghamaliyev, Cemil"]
[Black "Mammadov, Zaur Fazahir Oglu"]
[Result "1-0"]
[WhiteElo "2512"]
[BlackElo "2437"]
[PlyCount "141"]
[EventDate "2013.06.29"]
[EventType "team-tourn"]
[EventRounds "13"]
[EventCountry "TUR"]
[SourceTitle "CBM 155 Extra"]
[Source "ChessBase"]
[SourceDate "2013.08.26"]
[SourceVersion "1"]
[SourceVersionDate "2013.08.26"]
[SourceQuality "1"]
[WhiteTeam "Pera Spor"]
[BlackTeam "Ceyhan Belediye"]
[WhiteTeamCountry "TUR"]
[BlackTeamCountry "TUR"]

1. c4 e6 2. Nc3 d5 3. d4 Nf6 4. Nf3 Be7 5. Bf4 0-0 6. e3 b6 7. cxd5 Nxd5 8. Nxd5 exd5 9. Bd3 c5 10. 0-0 Nc6 11. Bb5 Bb7 12. Qa4 Na5 13. dxc5 bxc5 14. Rfd1 a6 15. Be2 Re8 16. Rac1 Rc8 17. b4 Nc6 18. bxc5 Qa5 19. Qxa5 Nxa5 20. Bd6 Bxd6 21. cxd6 Rxc1 22. Rxc1 Rd8 23. Rc5 Nc4 24. Bxc4 dxc4 25. Rxc4 Rxd6 26. Nd4 g6 27. Rb4 Bd5 28. a3 Rd7 29. f3 Rc7 30. e4 Rc1+ 31. Kf2 Bc4 32. Rb8+ Kg7 33. Rc8 Rf1+ 34. Ke3 Bb5 35. Rc3 Re1+ 36. Kf4 Bf1 37. g4 Rb1 38. h4 h6 39. g5 hxg5+ 40. hxg5 Rb8 41. Nc2 Bh3 42. Ne3 Be6 43. Nd5 a5 44. Rc5 a4 45. Ra5 Bd7 46. Ra7 Bc6 47. Nf6 Kf8 48. Ke5 Rb3 49. Rc7 Bb5 50. Nd5 Ba6 51. Ra7 Bb7 52. Nb4 Rxa3 53. Rxb7 Rb3 54. Kd4 a3 55. Kc4 Rxf3 56. Ra7 Rg3 57. Ra5 Kg7 58. Na2 Rg4 59. Nc3 a2 60. Rxa2 Rxg5 61. Kd4 Rg3 62. Ra7 Rf3 63. e5 Kh6 64. Ne4 g5 65. Ra8 g4 66. Rh8+ Kg7 67. Rh5 Rf4 68. Kd5 Kg6 69. Rg5+ Kh6 70. Rg8 Kh7 71. Rxg4 1-0

[Event "TUR-chT"]
[Site "Denizli"]
[Date "2013.06.29"]
[Round "1.2"]
[White "Arutinian, David"]
[Black "Aghamaliyev, Cemil"]
[Result "1-0"]
[WhiteElo "2543"]
[BlackElo "2512"]
[PlyCount "95"]
[EventDate "2013.06.29"]
[EventType "team-tourn"]
[EventRounds "13"]
[EventCountry "TUR"]
[SourceTitle "CBM 155 Extra"]
[Source "ChessBase"]
[SourceDate "2013.08.26"]
[SourceVersion "1"]
[SourceVersionDate "2013.08.26"]
[SourceQuality "1"]
[WhiteTeam "Er Bakir"]
[BlackTeam "Pera Spor"]
[WhiteTeamCountry "TUR"]
[BlackTeamCountry "TUR"]

1. d4 Nf6 2. c4 c6 3. Nc3 d5 4. e3 e6 5. Nf3 Nbd7 6. Qc2 Bd6 7. b3 0-0 8. Bb2 b6 9. Bd3 Bb7 10. 0-0 Rc8 11. Rad1 Qe7 12. Rfe1 h6 13. e4 dxe4 14. Nxe4 Nxe4 15. Bxe4 Nf6 16. Bd3 Rfd8 17. Ne5 Qf8 18. Qe2 c5 19. Bc2 cxd4 20. Rxd4 Bb4 21. Red1 Rxd4 22. Rxd4 Rd8 23. Ng4 Rxd4 24. Nxf6+ gxf6 25. Bxd4 Qg7 26. g3 Bc5 27. Bc3 Qg5 28. Bd2 Qg7 29. b4 Bd4 30. Be4 Ba6 31. b5 Bc8 32. Qh5 f5 33. Bc6 Kh7 34. Be8 f6 35. Bc6 Qg6 36. Qf3 h5 37. Be3 Bxe3 38. Qxe3 e5 39. f4 h4 40. fxe5 f4 41. Qxf4 Qb1+ 42. Qf1 Qb2 43. exf6 hxg3 44. hxg3 Kg8 45. Qe1 Qd4+ 46. Kg2 Qb2+ 47. Kh1 Bg4 48. Qe8+ 1-0

[Event "TUR-chT"]
[Site "Konya"]
[Date "2012.07.13"]
[Round "3"]
[White "Erturan, Yakup"]
[Black "Aghamaliyev, Cemil"]
[Result "0-1"]
[WhiteElo "2377"]
[BlackElo "2518"]
[PlyCount "80"]
[EventDate "2012.07.11"]
[EventType "team-tourn"]
[EventRounds "13"]
[EventCountry "TUR"]
[SourceTitle "CBM 149 Extra"]
[Source "ChessBase"]
[SourceDate "2012.08.24"]
[SourceVersion "1"]
[SourceVersionDate "2012.08.24"]
[SourceQuality "1"]
[WhiteTeam "Manisa TS Alyans"]
[BlackTeam "Istanbul Pera"]
[WhiteTeamCountry "TUR"]
[BlackTeamCountry "TUR"]

1. e4 c5 2. Nf3 Nc6 3. Bb5 e6 4. 0-0 Nge7 5. c3 a6 6. Ba4 b5 7. Bc2 Bb7 8. d4 cxd4 9. Nxd4 Ng6 10. Be3 Qc7 11. Nd2 Bd6 12. h3 Bh2+ 13. Kh1 Bf4 14. Bxf4 Nxf4 15. N2f3 0-0 16. Ne2 Ng6 17. Ned4 Nce7 18. Qd2 e5 19. Ne2 Rad8 20. Rad1 d6 21. Ng3 Nf4 22. Qe3 Kh8 23. Ne2 Ne6 24. Ng3 f6 25. Nh4 g6 26. Rd2 d5 27. exd5 Nf4 28. Rfd1 Nexd5 29. Qe1 f5 30. Bb3 Qe7 31. Nf3 e4 32. Ng1 Nd3 33. Qe2 N5f4 34. Qe3 Nxg2 35. Kxg2 f4 36. Qb6 fxg3 37. Kxg3 e3 38. Qxe3 Qc7+ 39. f4 Rxf4 40. Rxd3 Rf3+ 0-1